000 00634nam a22002297a 4500
003 UA-OsUOA
001 47853
007 ta
008 20070822b un ||||| |||| 00| 0 ukr d
100 _aПоп В.
090 _a82.09(477)
_bП57
942 _cBK
040 _aUA-OsUOA
_bukr
_cUA-OsUOA
_dUA-OsUOA
245 _aСтрумки великої ріки
_bЛітературно-критичні нариси
300 _a105 с.
955 _a1
041 _aukr
080 _a82.09(477)
260 _aУжгород
_c1961
650 7 _a82 Література. Літературознавство
_2UDC
999 _c333951
_d333951